| 000 | 00531cam a2200193ua 4500 | ||
|---|---|---|---|
| 001 | 1526 | ||
| 008 | 110711n ii |||gr||||Z||||||eng | ||
| 040 | _cMAIN | ||
| 082 | _a339.01 | ||
| 100 | 1 |
_aRangaranjan, C., _eAuthor. |
|
| 245 | 1 |
_aPrinciples of macro economics _cby C. Rangarajan |
|
| 250 | _a3rd. | ||
| 260 |
_aNew Delhi: _bTata mcgraw-hill publishing comapny ltd,986. |
||
| 300 |
_axi; 223p: _c25cm. |
||
| 653 | _aEconomics | ||
| 653 | _aprinciples of macro economics | ||
| 700 |
_aDholakia, B. H., _eAuthor. |
||
| 942 | _cBK | ||
| 999 |
_c1415 _d1415 |
||